Os 10 principais países afetados pela Covid-19 - 22 de abril - Statistics

Estatísticas Gerais
  • Esse quiz foi jogado 10 vezes
  • A pontuação média é 11 de 16
Estatísticas das Respostas
país % Correto
Estados Unidos
100%
França
100%
Itália
100%
Reino Unido
100%
Alemanha
90%
China
90%
Espanha
90%
Irão
60%
Portugal
60%
Bélgica
50%
Irlanda
50%
Países Baixos
50%
Rússia
50%
Suíça
40%
Turquia
30%
Catar
0%
Nenhum quiz correspondente encontrado
Distribuição das Pontuações
Porcentagem de Pessoas com Cada Pontuação
Percentil de Números Respondidos
Sua Pontuação Histórica
Você não jogou esse quiz